000 00396nam a2200157Ia 4500
008 230917s9999||||xx |||||||||||||| ||und||
020 _cRS55
040 _e127030
_aMAIN
041 _aEnglish
082 _a327 G341I
100 _aGhai, V.R.
245 0 _aInternational politics: theory and practice
260 _aJalandhar
_bNew academic publishing
_c1986
300 _a362p. p.
942 _cBK
999 _c62791
_d62791